[Event "WIO (Reserve)"]
[Site "Boise, ID"]
[Date "2010.12.11"]
[Round "3.1"]
[White "Hollingsworth, Gary M"]
[Black "Patterson, Kevin R"]
[Result "1/2-1/2"]
[WhiteElo "1215"]
[BlackElo "1263"]

1. d4 c6 2. c4 d5 3. Nf3 h6 4. Nc3 Nf6 5. Bf4 Bf5 6. e3 e6 7. c5 Ne4 8. Nxe4
Bxe4 9. Be2 Be7 10. O-O Nd7 11. Qa4 O-O 12. b4 a6 13. Qb3 Nf6 14. Nd2 Bf5 15.
Bd3 Bxd3 16. Qxd3 Nh5 17. a4 Nxf4 18. exf4 Bf6 19. Nf3 Qc7 20. Ne5 Qc8 21.
Rab1 Bxe5 22. fxe5 f5 23. b5 axb5 24. axb5 Rf7 25. b6 {#d} 1/2-1/2

[Event "WIO (Reserve)"]
[Site "Boise, ID"]
[Date "2010.12.12"]
[Round "4.2"]
[White "Pemsler, Carmen"]
[Black "Hollingsworth, Gary M"]
[Result "1/2-1/2"]
[WhiteElo "1122"]
[BlackElo "1215"]

1. c4 e5 2. Nc3 Bb4 3. Nf3 Qe7 4. e4 Nf6 5. d3 Nc6 6. Be3 d6 7. g3 Bg4 8. Bg2
Nd4 9. Qa4+ Nc6 10. O-O Bxc3 11. bxc3 O-O 12. Rab1 Nd8 13. Qc2 c5 14. Rfe1 h6
15. h3 Be6 16. g4 Qd7 17. Nh2 Nc6 18. Qd1 g5 19. Qf3 Kg7 20. Qg3 Nh7 21. Nf3
f6 22. Rb2 Rab8 23. Rd1 Qe7 24. h4 b6 25. Bf1 Rb7 26. d4 Bd7 27. dxc5 dxc5 28.
Rbd2 Rd8 29. Rd3 Be6 30. Rxd8 Nxd8 31. Be2 Rd7 32. Rxd7 Qxd7 33. Nd2 Nc6 34.
f3 Nf8 35. h5 Na5 36. Qe1 Qa4 37. Qb1 Nxc4 38. Nxc4 Bxc4 39. Bxc4 Qxc4 40. Qc2
Ne6 41. Qd2 Qb5 42. Kf2 Nf4 43. Bxf4 exf4 44. Qe2 Qd7 45. e5 Qe6 46. exf6+
Kxf6 47. Qb2 Qe3+ 48. Kg2 Ke5 49. c4+ Qd4 50. Qe2+ Qe3 51. Qb2+ Kd6 52. Qf6+
Qe6 53. Qf8+ Ke5 54. Qb8+ Kd4 55. Qxa7 Qe2+ 56. Kg1 Qe1+ 57. Kg2 Qb4 58. Qd7+
Kxc4 59. Qe6+ Kb5 60. Qd7+ Kc4 61. Qe6+ Kc3 62. Qe1+ Kd3 63. Qf1+ Kc2 64. Qe2+
Qd2 65. Qxd2+ Kxd2 66. Kf1 {(And now Black made an illegal move that neither
side caught! 66..b4 67.Kf2 c4 68.Kf1 c3 69.a3 bxa3 70.Kg1 c2 71.Kg2 c1Q 72.Kh2
Qf1 Stalemate!)} {#d} 1/2-1/2

[Event "WIO (Reserve)"]
[Site "Boise, ID"]
[Date "2010.12.12"]
[Round "5.3"]
[White "Hollingsworth, Gary M"]
[Black "Ramalingam, Deeban"]
[Result "0-1"]
[WhiteElo "1215"]
[BlackElo "1204"]

1. d4 Nf6 2. c4 c5 3. Nf3 g6 4. Nc3 Bg7 5. e4 d6 6. Be2 O-O $2 7. O-O $2 cxd4
8. Nxd4 Nc6 9. Be3 a6 10. Qd2 Qc7 11. Nf3 Nd7 12. Bh6 Nde5 13. Nd5 Nxf3+ 14.
Bxf3 Qd8 15. Bxg7 Kxg7 16. Be2 Kg8 17. Rac1 Be6 18. f4 Bxd5 19. cxd5 Nb8 20.
Rc3 Nd7 21. e5 dxe5 22. fxe5 Nxe5 23. Qh6 f6 24. Bd1 Nf7 25. Qh4 Rc8 26. Rh3
Ng5 27. Rd3 Kg7 28. Qg4 Nf7 29. Qe6 Qd6 30. Bg4 Qxe6 31. Bxe6 Rcd8 32. Rc1 Ng5
33. Rc7 Nxe6 34. Rxe7+ Rf7 35. Rxf7+ Kxf7 36. dxe6+ Ke7 37. Rxd8 Kxd8 38. Kf2
Ke7 39. Ke3 Kxe6 40. g4 Ke5 41. b4 b6 42. a4 Kd5 43. Kd3 Ke5 44. Kc4 f5 45.
gxf5 gxf5 46. Kd3 f4 47. Ke2 Kd4 48. a5 bxa5 49. bxa5 Ke4 50. Kf2 h5 51. h4
Ke5 52. Kf3 Kf5 53. Kf2 Kg4 {#R} 0-1

[Event "Idaho Open (Reserve)"]
[Site "Pocatello, ID"]
[Date "2011.04.17"]
[Round "4.1"]
[White "Hollingsworth, Gary M"]
[Black "Black, Gatlin Scott"]
[Result "1-0"]
[WhiteElo "1277"]
[BlackElo "760"]

1. d4 f5 2. c4 Nf6 3. Bg5 g6 4. Bxf6 exf6 5. f4 Bg7 6. Nc3 O-O 7. e3 Re8 8.
Qd2 Qe7 9. Nd5 Qd6 10. O-O-O c6 11. Nc3 a5 12. Nf3 a4 13. a3 b6 14. g3 Ba6 15.
Nxa4 b5 16. c5 Qd5 17. Nb6 Qxf3 18. Bg2 Qxe3 19. Qxe3 Rxe3 20. Nxa8 Rb3 21.
Rhe1 Kf7 22. Kc2 Rxa3 23. bxa3 g5 24. Re2 b4 25. Re3 gxf4 26. gxf4 Bh6 27.
Rde1 Bxf4 28. Re7+ Kg6 29. Re8 bxa3 30. h3 Bc4 31. Nb6 Bf7 32. Rd8 a2 33. Nxd7
Na6 34. Ra8 Nb4+ 35. Kc3 Nd5+ 36. Bxd5 Bxd5 37. Nb6 Bf7 38. Nc4 h5 39. Rxa2
Kg5 40. Ra6 Bd5 41. Na5 Kh4 42. Nxc6 Kxh3 43. Rg1 Kh2 44. Rg7 Bg5 45. Ne5 Kg3
46. c6 h4 47. c7 Bb7 48. Rb6 h3 49. Rxb7 h2 50. Rh7 Bh4 51. Rb1 Kg2 52. Rxh4
fxe5 53. dxe5 f4 54. c8=Q f3 55. Qh3+ Kf2 56. Qxh2+ Ke3 57. Re1# 1-0

[Event "Sumr Classic (Reserve)"]
[Site "Boise, ID"]
[Date "2011.07.09"]
[Round "1.4"]
[White "Nathan, Jacob Ari"]
[Black "Hollingsworth, Gary"]
[Result "0-1"]
[WhiteElo "318"]
[BlackElo "1203"]

1. e4 e5 2. Nc3 Nf6 3. Nf3 Nc6 4. Bc4 d6 5. Ng5 d5 6. exd5 Nxd5 7. Bxd5 Qxg5
8. d3 Qg6 9. O-O Bc5 10. Ne4 Be7 11. Ng3 O-O 12. Be4 f5 13. Nxf5 Bxf5 14. Bd5+
Kh8 15. Qf3 Be6 16. Be4 Rxf3 17. Bxg6 Rf6 18. Be4 Bf5 19. Bg5 Rg6 20. Bxe7
Bxe4 21. dxe4 Nxe7 22. Rad1 Rd6 23. Rxd6 cxd6 24. Rd1 Rd8 25. Rd3 Kg8 26. Rf3
d5 27. exd5 Rxd5 28. g3 Rd2 29. Rc3 Nc6 30. b4 Nxb4 31. Rc8+ Kf7 32. Rc7+ Ke6
33. Kg2 Rd7 34. Rxd7 Kxd7 35. f4 exf4 36. gxf4 Nxa2 37. h4 a5 38. h5 a4 39. h6
g6 40. Kf2 Ke6 41. Ke3 a3 42. Kd2 Kf5 43. c4 Kxf4 44. Kc2 g5 45. Kb3 Nb4 46.
Kxb4 a2 47. c5 a1=Q 48. Kb5 Qb2+ 49. Kc4 Ke4 50. c6 Qc2+ 51. Kb4 Qxc6 52. Kb3
Kd4 53. Kb2 Qc3+ 54. Ka2 Kc4 55. Kb1 Qd2 56. Ka1 Kb3 57. Kb1 Qb2# 0-1

[Event "Sumr Classic (Reserve)"]
[Site "Boise, ID"]
[Date "2011.07.09"]
[Round "2.2"]
[White "Hollingsworth, Gary"]
[Black "Patterson, Kevin R"]
[Result "1-0"]
[WhiteElo "1203"]
[BlackElo "1246"]

1. e4 c6 2. d4 d5 3. Nc3 dxe4 4. Nxe4 Bf5 5. Ng3 Bg6 6. Nf3 h6 7. h4 Nd7 8. h5
Bh7 9. Bd3 Bxd3 10. Qxd3 Ngf6 11. Be3 e6 12. O-O-O Ng4 13. Ne5 Ndxe5 14. dxe5
Qxd3 15. Rxd3 Nxe5 16. Rb3 b6 17. Rd1 Be7 18. Ne4 O-O 19. Bf4 Ng4 20. f3 Nf6
21. Bd6 Nxe4 22. Bxe7 Rfe8 23. Bh4 Nc5 24. Ra3 a5 25. Bf2 Re7 26. Bxc5 bxc5
27. Rd6 Ra6 28. Rc3 Rc7 29. Rxc5 Kh7 30. Kd2 g6 31. g4 g5 32. Kc3 Kg7 33. Kb3
Rb7+ 34. Ka3 Rab6 35. b3 Rb4 36. Rdxc6 Rf4 37. Rc3 Rb5 38. R6c4 e5 39. Rxf4
exf4 40. Ka4 Re5 41. b4 Re3 42. Kb3 Rxc3+ 43. Kxc3 axb4+ 44. Kxb4 f5 45. Kc3
fxg4 46. fxg4 Kf6 47. Kd4 Ke6 48. c4 Kd6 49. a4 Kc6 50. a5 Kb7 51. c5 Kc6 52.
a6 Kc7 53. Kc4 f3 54. Kd4 Kc6 55. Ke3 Kc7 56. Kxf3 Kb8 57. c6 {#r} 1-0

[Event "Sumr Classic (Reserve)"]
[Site "Boise, ID"]
[Date "2011.07.09"]
[Round "3.1"]
[White "Lang, Jamie"]
[Black "Hollingsworth, Gary"]
[Result "1/2-1/2"]
[WhiteElo "1321"]
[BlackElo "1203"]

1. e4 e5 2. d4 exd4 3. c3 dxc3 4. Bc4 cxb2 5. Bxb2 d5 6. Bxd5 Bb4+ 7. Nd2 Nf6
8. Bxf6 Qxf6 9. Rb1 Bc5 10. Ngf3 c6 11. e5 Qe7 12. Bc4 b5 13. Bd3 Be6 14. Qc2
g6 15. Ne4 Nd7 16. O-O Bd5 17. Nxc5 Qxc5 18. Qe2 Bxf3 19. Qxf3 Nxe5 20. Rfe1
O-O 21. Qe2 Nxd3 22. Qxd3 a5 23. Rbc1 Qd5 24. Qxd5 cxd5 25. Rc5 b4 26. Rxd5
Rfd8 27. Red1 Rxd5 28. Rxd5 a4 29. g3 b3 30. axb3 axb3 31. Rb5 Ra1+ 32. Kg2
Rb1 33. Kf3 Kg7 34. Ke2 h5 35. h4 Kf6 36. Kd2 Rb2+ 37. Ke3 Rb1 38. Kf4 b2 39.
Kf3 Ke6 40. Ke2 f6 41. Kd2 g5 42. hxg5 fxg5 43. Kc2 Rf1 44. Kxb2 Rxf2+ 45. Kc1
Rf5 46. Rb3 Rd5 47. Rf3 Ke5 48. Rf1 Ke4 49. Rh1 g4 50. Rf1 Ke3 51. Kc2 Ke2 52.
Rf4 Rd3 53. Rf5 Rxg3 54. Rxh5 Rf3 55. Re5+ Re3 56. Rg5 g3 57. Rg8 Kf2 58. Kd2
g2 59. Rxg2+ {#d} 1/2-1/2

[Event "Sumr Classic (Reserve)"]
[Site "Boise, ID"]
[Date "2011.07.10"]
[Round "5.3"]
[White "Hollingsworth, Gary"]
[Black "Pemsler, Carmen"]
[Result "1-0"]
[WhiteElo "1203"]
[BlackElo "1167"]

1. e4 c6 2. d4 d5 3. Nc3 f6 4. Bf4 e6 5. Bd3 c5 6. dxc5 Bxc5 7. exd5 exd5 8.
Qh5+ Ke7 9. Nxd5+ Qxd5 10. Qxd5 Bb6 11. Bd6+ Ke8 12. Bxh7 Ne7 13. Qe4 Nbc6 14.
O-O-O Bxf2 15. Bg6+ Kf8 16. Bxe7+ Nxe7 17. Rd8# 1-0

[Event "ICA Sumr Classic (Open)"]
[Site "Boise, ID"]
[Date "2012.07.14"]
[Round "2.2"]
[White "Hollingsworth, Gary M"]
[Black "Niro III, Frank A"]
[Result "0-1"]
[WhiteElo "1301"]
[BlackElo "1700"]

1. e4 c5 2. Nf3 d6 3. d4 cxd4 4. Nxd4 Nf6 5. Nc3 a6 6. Bg5 e6 7. f4 Nc6 8.
Nxc6 bxc6 9. e5 h6 10. exf6 hxg5 11. fxg5 gxf6 12. Qf3 fxg5 13. Qxc6+ Bd7 14.
Qe4 Bg7 15. Bc4 Rh4 16. Qd3 Bxc3+ 17. bxc3 Qa5 18. g3 Qe5+ 19. Kd2 Rxc4 20.
Qxc4 Bb5 21. Qg4 Rc8 22. Qd4 Qe2+ 23. Kc1 Rc4 24. Qd2 Qe5 25. Re1 Qxc3 26.
Qxc3 Rxc3 27. Kd2 Ra3 28. Re3 Ra4 29. a3 d5 30. Rb3 Rd4+ 31. Ke3 Re4+ 32. Kf2
Re2+ 33. Kg1 Rxc2 34. h4 d4 35. a4 Be2 36. Raa3 e5 37. Rb8+ Ke7 38. Kf2 e4 39.
Rb7+ Kf6 40. Rb6+ Kf5 41. Rxa6 Bxa6+ {#R} 0-1

[Event "ICA Sumr Classic (Open)"]
[Site "Boise, ID"]
[Date "2012.07.14"]
[Round "3.4"]
[White "Olsoy, Peter John"]
[Black "Hollingsworth, Gary M"]
[Result "1-0"]
[WhiteElo "1698"]
[BlackElo "1301"]

1. d4 Nf6 2. c4 g6 3. Nc3 d5 4. e3 Bg7 5. Nf3 c6 6. Bd3 O-O 7. O-O Nbd7 8. Bd2
Qc7 9. Rc1 e5 10. cxd5 cxd5 11. Nxd5 Qd6 12. Nxf6+ Bxf6 13. Bc3 Re8 14. Bc4
Nb6 15. dxe5 Qxd1 16. Rfxd1 Bg7 17. Bb5 Rf8 18. Bb4 Bg4 19. Bxf8 Kxf8 20. Rd2
Bxf3 21. gxf3 Bxe5 22. f4 Bg7 23. h3 a6 24. Be2 Ke8 25. Rc7 Rb8 26. Bf3 {#r}
1-0

[Event "ICA Sumr Classic (Open)"]
[Site "Boise, ID"]
[Date "2012.07.15"]
[Round "4.6"]
[White "Edvalson, Paul"]
[Black "Hollingsworth, Gary M"]
[Result "0-1"]
[WhiteElo "1624"]
[BlackElo "1301"]

1. Nf3 Nf6 2. d4 g6 3. c4 Bg7 4. Nc3 d5 5. Bg5 Ne4 6. cxd5 Nxg5 7. Nxg5 e6 8.
Nf3 exd5 9. Qb3 c6 10. h4 Nd7 11. h5 Qb6 12. Qxb6 Nxb6 13. hxg6 hxg6 14. Rxh8+
Bxh8 15. e3 Nc4 16. Bxc4 dxc4 17. Ne4 Ke7 18. Nfd2 b5 19. a4 Be6 20. Nc5 Bd5
21. axb5 cxb5 22. f3 a5 23. e4 Bxd4 24. exd5 Bxc5 25. Ne4 Bd6 26. O-O-O a4 27.
Nc3 b4 28. Nb1 Be5 29. Nd2 Bf4 30. Kc2 Bxd2 31. Rxd2 Kd6 32. Rd4 Kc5 33. Rd1
Rd8 {#R} 0-1

[Event "ICA Sumr Classic (Open)"]
[Site "Boise, ID"]
[Date "2012.07.15"]
[Round "5.4"]
[White "Hollingsworth, Gary M"]
[Black "Nahlen, John P"]
[Result "1/2-1/2"]
[WhiteElo "1301"]
[BlackElo "1601"]

1. e4 e5 2. Nf3 Nc6 3. d4 exd4 4. Nxd4 Bc5 5. Nxc6 Qf6 6. Qd2 dxc6 7. Nc3 Bg4
8. Qf4 Rd8 9. Bd3 Be6 10. O-O Bd6 11. Qxf6 Nxf6 12. Bg5 Be5 13. f4 Bd4+ 14.
Kh1 h6 15. Bh4 Bc8 16. Ne2 Bc5 17. f5 Bd7 18. Nf4 Be7 19. e5 Nd5 20. Bxe7 Nxf4
21. Rxf4 {#d} 1/2-1/2

[Event "WIO (Reserve)"]
[Site "Boise, ID"]
[Date "2012.12.08"]
[Round "1.10"]
[White "Hollingsworth, Gary"]
[Black "Featherston, Scott"]
[Result "1-0"]
[WhiteElo "1394"]
[BlackElo "794"]

1. e4 e5 2. f4 exf4 3. Nf3 f6 4. d4 g5 5. Nxg5 fxg5 6. Qh5+ Ke7 7. Qxg5+ Ke8
8. Qh5+ Ke7 9. Qe5+ Kf7 10. Bc4+ Kg6 11. Qf5+ Kg7 12. Qf7+ Kh6 13. Bxf4+ Qg5
14. Qxf8+ Kg6 15. Bf7+ Kf6 16. Bh5+ Ke6 17. Qf7# 1-0

[Event "WIO (Reserve)"]
[Site "Boise, ID"]
[Date "2012.12.09"]
[Round "4.2"]
[White "Lang, Jamie"]
[Black "Hollingsworth, Gary"]
[Result "0-1"]
[WhiteElo "1355"]
[BlackElo "1394"]

1. e4 Nf6 2. Nc3 d5 3. e5 Nfd7 4. d4 c5 5. Bb5 e6 6. Be3 cxd4 7. Qxd4 Nc6 8.
Bxc6 bxc6 9. Nf3 c5 10. Qa4 d4 11. Bg5 f6 12. Qc6 Rb8 13. Qxe6+ Qe7 14. Qxe7+
Bxe7 15. exf6 gxf6 16. Bf4 Rxb2 17. Nd5 Rxc2 18. O-O Bb7 19. Nxe7 Kxe7 20.
Rfe1+ Kf7 21. Bd6 Re8 22. Rxe8 Kxe8 23. Bxc5 Nxc5 24. Nxd4 Rd2 25. Nf5 Bd5 26.
Nd6+ Kd7 27. Nb5 a6 28. Nc3 Ne4 29. Nxe4 Bxe4 30. f3 Bd5 31. a3 Kd6 32. Rc1
Rd3 33. Ra1 Kc5 34. Kf2 Rd2+ 35. Kg3 Rb2 36. h4 Kb5 37. Rd1 Bc4 38. Rd7 Ka4
39. Rxh7 Bf1 40. h5 Rxg2+ 41. Kf4 Kxa3 42. h6 Rh2 43. Rh8 Bd3 44. Kg3 Rh1 45.
Kg2 Rh5 46. f4 a5 47. Kg3 a4 48. Kg4 Rh1 49. f5 Rg1+ 50. Kf4 Rf1+ 51. Ke3 Bxf5
52. Rf8 Bc2 53. Rf7 Kb2 54. Ke2 Rf5 55. h7 Re5+ 56. Kf3 Bxh7 57. Rxh7 Rb5 58.
Rh2+ Kc3 59. Ke4 f5+ 60. Kf4 a3 61. Rh3+ Kb2 62. Rh2+ Kb3 63. Rh3+ Ka4 64. Kg5
a2 65. Rh4+ f4+ {#R} 0-1

[Event "Idaho Closed"]
[Site "Twin Falls, ID"]
[Date "2013.02.16"]
[Round "2.4"]
[White "Bartell, Fred"]
[Black "Hollingsworth, Gary"]
[Result "0-1"]
[WhiteElo "1711"]
[BlackElo "1407"]

1. c4 Nf6 2. Nf3 g6 3. Nc3 Bg7 4. e4 d6 5. d4 O-O 6. Be2 e5 7. Bg5 Nc6 8. d5
Ne7 9. Qd2 Ne8 10. h4 f5 11. h5 Nf6 12. hxg6 Nxg6 13. exf5 Bxf5 14. O-O-O Qd7
15. Nh4 Nxh4 16. Rxh4 Rf7 17. f3 Re8 18. Ne4 Nxe4 19. fxe4 Bg6 20. Bg4 Qa4 21.
Be6 Rxe6 22. dxe6 Qxc4+ 23. Qc2 Qxe6 24. b3 d5 25. Rxd5 Qxd5 26. exd5 Bxc2 27.
Kxc2 Rd7 28. Rc4 Kf7 29. Be3 b6 30. g4 Bf6 31. Rc6 Bd8 32. Rh6 Kg7 33. Re6
Rxd5 34. Kc3 Rd6 35. Re8 h6 36. a4 Kf7 37. Rh8 Bg5 38. Bf2 Ke6 39. Bg3 Kd5 40.
Re8 Re6 41. Rd8+ {#R} 0-1

[Event "Idaho Closed"]
[Site "Twin Falls, ID"]
[Date "2013.02.17"]
[Round "3.1"]
[White "Hollingsworth, Gary"]
[Black "Roland, Jeffrey T"]
[Result "0-1"]
[WhiteElo "1407"]
[BlackElo "1700"]

1. e4 e5 2. Nf3 Nc6 3. d4 exd4 4. Nxd4 Qh4 5. Nc3 Bb4 6. Be2 Qxe4 7. Ndb5 Kd8
8. O-O Bxc3 9. bxc3 d6 10. Nxd6 cxd6 11. Qxd6+ Ke8 12. Bh6 Qg6 13. Qxg6 hxg6
14. Bxg7 Rh7 15. Bd4 Be6 16. Rab1 b6 17. Bb5 Rc8 18. Rfe1 Kf8 19. a4 Nxd4 20.
cxd4 Nf6 21. Bd3 Kg7 22. Rbc1 Rc3 23. Re3 Nd5 24. Rg3 Nf4 25. Bxg6 Ne2+ {#R}
0-1

[Event "Idaho Closed"]
[Site "Twin Falls, ID"]
[Date "2013.02.18"]
[Round "5.6"]
[White "Hollingsworth, Gary"]
[Black "Douglas, Kurt P"]
[Result "1/2-1/2"]
[WhiteElo "1407"]
[BlackElo "1751"]

1. e4 c5 2. c3 d5 3. exd5 Qxd5 4. d4 Nf6 5. dxc5 Qxd1+ 6. Kxd1 e5 7. b4 Nc6 8.
Bb2 Be7 9. Nf3 Bg4 10. h3 Bxf3+ 11. gxf3 O-O 12. Kc2 Nh5 13. Bc4 Bh4 14. Nd2
Nf6 15. Rh2 Rfd8 16. Ne4 Nxe4 17. fxe4 Bg5 18. Bd5 Rd7 19. Rd1 Rad8 20. a3 Kf8
21. Rg2 Be7 22. Rgg1 a6 23. Bxc6 bxc6 24. Rxd7 Rxd7 25. Rd1 Ke8 26. Rxd7 Kxd7
27. Bc1 g6 28. Kd3 Bh4 29. Be3 Kc7 30. a4 Bf6 31. c4 Bg7 32. f4 f6 33. fxe5
fxe5 34. Bf2 Bf6 35. Ke2 h5 36. Kf3 Kc8 37. h4 Kc7 38. Kg3 Kc8 39. Kf3 Kc7 40.
Ke3 Kc8 41. b5 Kb7 42. Kf3 {#d} 1/2-1/2

[Event "Idaho Closed"]
[Site "Twin Falls, ID"]
[Date "2013.02.18"]
[Round "6.6"]
[White "Hollingsworth, Gary"]
[Black "Carr, John B"]
[Result "1/2-1/2"]
[WhiteElo "1407"]
[BlackElo "1700"]

1. e4 e6 2. d4 d5 3. Nd2 Nf6 4. e5 Nfd7 5. c3 c5 6. Nb3 Nc6 7. Nf3 cxd4 8.
cxd4 f6 9. Bd3 Bb4+ 10. Bd2 Bxd2+ 11. Kxd2 Na5 12. exf6 Nxb3+ 13. axb3 Qxf6
14. Qe2 O-O 15. Rhe1 Nb8 16. Qe5 Nc6 17. Qxf6 Rxf6 18. Bb5 Bd7 19. Bxc6 Bxc6
20. Ke3 Raf8 21. Rxa7 Rf4 {#d} 1/2-1/2